Statistics for What is the island country

Click here to take the quiz!

General Stats

  • This quiz has been taken 35 times
  • The average score is 14 of 15

Answer Stats

Answer% Correct
Australia
100%
Iceland
100%
Japan
100%
Philippines
100%
United Kingdom
100%
Cuba
97%
Indonesia
97%
Ireland
97%
New Zealand
97%
Madagascar
94%
Papua New Guinea
94%
Sri Lanka
91%
Haiti
82%
Taiwan
79%
Maldives
71%

Score Distribution

Percentile by Number Answered

Percent of People with Each Score

Your Score History

You have not taken this quiz